[Event "Moscow Aeroflot op-A 18th"]
[Site "Moscow"]
[Date "2019.02.25"]
[Round "7"]
[White "Maghsoodloo, Parham"]
[Black "Gordievsky, Dmitry"]
[Result "1-0"]
[WhiteElo "2666"]
[BlackElo "2603"]
[PlyCount "71"]
[EventDate "2019.02.20"]
[EventType "swiss"]
[EventRounds "9"]
[EventCountry "RUS"]
[SourceTitle "CBM 189"]
[Source "ChessBase"]
[SourceDate "2019.04.29"]
[SourceVersion "1"]
[SourceVersionDate "2019.04.29"]
[SourceQuality "1"]

1. d4 Nf6 2. Nf3 g6 3. Bg5 Bg7 4. Nbd2 O-O 5. e3 d6 6. Bc4 Nbd7 7. O-O Qe8 8.
a4 a5 9. e4 e5 10. c3 h6 11. Bh4 Nh5 12. Re1 Ndf6 13. Bf1 Nf4 14. dxe5 dxe5 15.
Nc4 N6h5 16. Nfd2 Bd7 17. f3 Bc6 18. Qc2 Kh8 19. b3 Ne6 20. Rad1 b5 21. axb5
Bxb5 22. Ra1 a4 23. b4 Qb8 24. Bf2 Rd8 25. Nb1 Be8 26. Nba3 Qc8 27. Nb2 Nhf4
28. Nac4 Ng5 29. Be3 f5 30. h4 Nge6 31. Bf2 fxe4 32. Qxe4 g5 33. Nxe5 a3 34.
Nbc4 a2 35. Ne3 Nf8 36. Nf5 1-0

[Event "Moscow Aeroflot op-A 18th"]
[Site "Moscow"]
[Date "2019.02.25"]
[Round "7"]
[White "Martirosyan, Haik M"]
[Black "Sasikiran, Krishnan"]
[Result "1-0"]
[WhiteElo "2616"]
[BlackElo "2678"]
[PlyCount "69"]
[EventDate "2019.02.20"]
[EventType "swiss"]
[EventRounds "9"]
[EventCountry "RUS"]
[SourceTitle "CBM 189"]
[Source "ChessBase"]
[SourceDate "2019.04.29"]
[SourceVersion "1"]
[SourceVersionDate "2019.04.29"]
[SourceQuality "1"]

1. d4 Nf6 2. c4 g6 3. Nf3 Bg7 4. g3 O-O 5. Bg2 d6 6. O-O c5 7. Nc3 Nc6 8. d5
Na5 9. Nd2 a6 10. Rb1 b5 11. b3 Ng4 12. Qc2 Ne5 13. Nd1 Rb8 14. Bb2 bxc4 15.
bxc4 Rb4 16. Ne3 Bd7 17. f4 Rxb2 18. Rxb2 Ng4 19. Nxg4 Bxg4 20. e4 Bd4+ 21. Kh1
e5 22. Rbb1 exf4 23. gxf4 Re8 24. Qd3 f5 25. Qg3 Bf6 26. Bf3 Bxf3+ 27. Qxf3 Bd4
28. exf5 Re3 29. Qg2 Qe8 30. fxg6 Qxg6 31. Rfe1 Kf7 32. Rxe3 Bxe3 33. Ne4 Nxc4
34. Rb7+ Kf8 35. f5 1-0

[Event "Moscow Aeroflot op-A 18th"]
[Site "Moscow"]
[Date "2019.02.25"]
[Round "7"]
[White "Moroni, Luca Jr"]
[Black "Iniyan, Panneerseluam"]
[Result "0-1"]
[WhiteElo "2567"]
[BlackElo "2480"]
[PlyCount "120"]
[EventDate "2019.02.20"]
[EventType "swiss"]
[EventRounds "9"]
[EventCountry "RUS"]
[SourceTitle "CBM 189"]
[Source "ChessBase"]
[SourceDate "2019.04.29"]
[SourceVersion "1"]
[SourceVersionDate "2019.04.29"]
[SourceQuality "1"]

1. d4 Nf6 2. c4 g6 3. g3 Bg7 4. Bg2 O-O 5. Nc3 d6 6. Nf3 Nbd7 7. O-O e5 8. e4
exd4 9. Nxd4 Re8 10. h3 Nc5 11. Re1 Bd7 12. Kh2 h6 13. Rb1 a5 14. Ndb5 Bxb5 15.
cxb5 a4 16. Qc2 Nfd7 17. Be3 c6 18. Rbd1 Qc7 19. a3 Kh7 20. Bd4 Bxd4 21. Rxd4
Nb6 22. Red1 Re6 23. bxc6 bxc6 24. f4 Rae8 25. h4 h5 26. Bh3 R6e7 27. Bg2 Re6
28. Qf2 Nbd7 29. Kh1 Nf6 30. f5 Ng4 31. Qf4 gxf5 32. Rxd6 Rxd6 33. Rxd6 Re5 34.
Rd1 Ne6 35. Qf3 Kg7 36. Rf1 fxe4 37. Qe2 f5 38. Bh3 Nd4 39. Qd2 Nf3 40. Qf4 Re7
41. Rxf3 exf3 42. Qg5+ Kf8 43. Qxf5+ Rf7 44. Qxh5 Nf2+ 45. Kh2 Nxh3 46. Qh6+
Ke8 47. Qe6+ Kd8 48. Qxh3 Qb6 49. Qe6 Qxb2+ 50. Kh3 Qg2+ 51. Kg4 Rg7+ 52. Kh5
Qxg3 53. Qf6+ Re7 54. Qf8+ Kd7 55. Qf5+ Ke8 56. Qc8+ Kf7 57. Qf5+ Kg7 58. Ne4
Qe5 59. Ng5 Qf6 60. Qd3 f2 0-1

[Event "Moscow Aeroflot op-A 18th"]
[Site "Moscow"]
[Date "2019.02.25"]
[Round "7"]
[White "Nihal, Sarin"]
[Black "Praggnanandhaa, Rameshbabu"]
[Result "1-0"]
[WhiteElo "2578"]
[BlackElo "2532"]
[PlyCount "137"]
[EventDate "2019.02.20"]
[EventType "swiss"]
[EventRounds "9"]
[EventCountry "RUS"]
[SourceTitle "CBM 189"]
[Source "ChessBase"]
[SourceDate "2019.04.29"]
[SourceVersion "1"]
[SourceVersionDate "2019.04.29"]
[SourceQuality "1"]

1. d4 Nf6 2. c4 e6 3. Nc3 Bb4 4. Qc2 O-O 5. Nf3 d5 6. cxd5 exd5 7. Bg5 h6 8.
Bh4 c5 9. dxc5 Nbd7 10. e3 Qa5 11. Be2 Ne4 12. O-O Bxc3 13. bxc3 Ndxc5 14. Rfc1
Re8 15. Nd4 Bd7 16. c4 dxc4 17. Bxc4 Rac8 18. Qe2 Nd6 19. Bd5 Ne6 20. Bxe6 Bxe6
21. Bg3 Nf5 22. Nxe6 Rxc1+ 23. Rxc1 Rxe6 24. Bf4 Ne7 25. h3 Nc6 26. Rd1 Qa4 27.
Rd2 Re8 28. Qg4 Qe4 29. Kh2 Qe6 30. Qd1 Qf6 31. Qg4 Qe6 32. Qd1 Qf6 33. Qb3 Rd8
34. Rxd8+ Nxd8 35. Qd5 Qe7 36. Kg3 Nc6 37. h4 Qe6 38. Qxe6 fxe6 39. Bd6 g6 40.
Kf4 b5 41. g4 Kf7 42. h5 gxh5 43. gxh5 a5 44. Ke4 a4 45. f4 Kf6 46. a3 Kf7 47.
Kd3 Kf6 48. e4 Kf7 49. Kc3 Kg7 50. Kd3 Kf7 51. Bc5 Ke8 52. Bd4 b4 53. axb4
Nxb4+ 54. Kc4 Nc2 55. Bf2 e5 56. Kc3 Na3 57. fxe5 Kf7 58. Be3 Kg7 59. Bb6 Kf7
60. Be3 Kg7 61. Bc5 Nb5+ 62. Kb4 Nc7 63. Kxa4 Ne6 64. Be3 Kf7 65. Bxh6 Nc5+ 66.
Kb5 Nxe4 67. Bf4 Nf2 68. h6 Ng4 69. e6+ 1-0

[Event "Moscow Aeroflot op-A 18th"]
[Site "Moscow"]
[Date "2019.02.25"]
[Round "7"]
[White "Petrosian, Tigran L"]
[Black "Nabaty, Tamir"]
[Result "1-0"]
[WhiteElo "2595"]
[BlackElo "2688"]
[PlyCount "145"]
[EventDate "2019.02.20"]
[EventType "swiss"]
[EventRounds "9"]
[EventCountry "RUS"]
[SourceTitle "CBM 189"]
[Source "ChessBase"]
[SourceDate "2019.04.29"]
[SourceVersion "1"]
[SourceVersionDate "2019.04.29"]
[SourceQuality "1"]

1. e4 e5 2. Nf3 Nf6 3. Nxe5 d6 4. Nf3 Nxe4 5. Nc3 Nxc3 6. dxc3 Nc6 7. Be3 Bf5
8. Qd2 Be7 9. O-O-O Qd7 10. Kb1 Bf6 11. h3 O-O-O 12. Nd4 Bxd4 13. Bxd4 f6 14.
Be3 d5 15. Be2 Rhe8 16. Rhe1 Be4 17. Bf1 g5 18. b3 Qd6 19. Kb2 h6 20. f3 Bg6
21. Qf2 b6 22. Ba6+ Kb8 23. g4 f5 24. gxf5 Bxf5 25. h4 g4 26. fxg4 Bxg4 27. Bf4
Rf8 28. Bxd6 Rxf2 29. Bg3 Rg2 30. Rd3 Bf5 31. Rde3 Rxc2+ 32. Ka3 Bc8 33. Bb5
Bd7 34. R1e2 Rxe2 35. Rxe2 Kb7 36. Bxc6+ Kxc6 37. Rf2 Rg8 38. Bh2 h5 39. Rf6+
Kb7 40. Rf7 Kc8 41. Rh7 Rg2 42. Be5 a5 43. Rxh5 Re2 44. Bf6 Rf2 45. Bd4 Rd2 46.
Re5 c5 47. Be3 Rd1 48. h5 d4 49. cxd4 cxd4 50. Rd5 b5 51. Kb2 Bf5 52. Bc1 Be4
53. Rxb5 d3 54. Bf4 a4 55. Rb4 d2 56. Kc3 axb3 57. axb3 Rh1 58. Kxd2 Bd5 59. h6
Rh3 60. Rb5 Be4 61. Re5 Bb1 62. b4 Rd3+ 63. Ke2 Rb3 64. Bd2 Kd7 65. Re3 Rb2 66.
Rh3 Bh7 67. Rg3 Ke6 68. Rg7 Bf5 69. h7 Bxh7 70. Rxh7 Rb3 71. Rh5 Kd6 72. Rc5
Kd7 73. Bc3 1-0

[Event "Moscow Aeroflot op-A 18th"]
[Site "Moscow"]
[Date "2019.02.25"]
[Round "7"]
[White "Pourramezanali, Amirreza"]
[Black "Warmerdam, Max"]
[Result "1-0"]
[WhiteElo "2529"]
[BlackElo "2450"]
[PlyCount "119"]
[EventDate "2019.02.20"]
[EventType "swiss"]
[EventRounds "9"]
[EventCountry "RUS"]
[SourceTitle "CBM 189"]
[Source "ChessBase"]
[SourceDate "2019.04.29"]
[SourceVersion "1"]
[SourceVersionDate "2019.04.29"]
[SourceQuality "1"]

1. e4 c5 2. Nf3 Nc6 3. d4 cxd4 4. Nxd4 Nf6 5. Nc3 d6 6. Bg5 e6 7. Qd2 a6 8.
O-O-O Bd7 9. f4 Be7 10. Nf3 b5 11. Bxf6 gxf6 12. Kb1 Qb6 13. f5 O-O-O 14. g3
Kb8 15. Bh3 b4 16. Na4 Qb7 17. Qf2 Ne5 18. Nb6 Bc6 19. Nxe5 dxe5 20. fxe6 fxe6
21. Bxe6 Qa7 22. Qe3 Kb7 23. Nd5 Qxe3 24. Nxe3 Bxe4 25. Bd5+ Bxd5 26. Nxd5 Rd7
27. Nxe7 Rxe7 28. Rd6 Rf8 29. Re1 f5 30. Rd4 exd4 31. Rxe7+ Kc6 32. Rxh7 f4 33.
Rh6+ Kb5 34. Rh5+ Kb6 35. gxf4 Rxf4 36. Kc1 Rf1+ 37. Kd2 Ra1 38. b3 Rxa2 39.
Rd5 a5 40. Rxd4 Kc5 41. Rc4+ Kb5 42. Re4 a4 43. bxa4+ Rxa4 44. h4 Ra6 45. h5 b3
46. cxb3 Ra2+ 47. Kc3 Rh2 48. Re5+ Kc6 49. Rg5 Rh4 50. Kb2 Kb6 51. Ka3 Ka6 52.
b4 Rh1 53. Ka4 Ra1+ 54. Kb3 Kb6 55. Kc4 Rc1+ 56. Kd4 Rb1 57. b5 Rb4+ 58. Ke3
Rb3+ 59. Kf4 Rb4+ 60. Kf5 1-0

[Event "Moscow Aeroflot op-A 18th"]
[Site "Moscow"]
[Date "2019.02.25"]
[Round "7"]
[White "Puranik, Abhimanyu Sameer"]
[Black "Khismatullin, Denis Rimovich"]
[Result "0-1"]
[WhiteElo "2538"]
[BlackElo "2621"]
[PlyCount "92"]
[EventDate "2019.02.20"]
[EventType "swiss"]
[EventRounds "9"]
[EventCountry "RUS"]
[SourceTitle "CBM 189"]
[Source "ChessBase"]
[SourceDate "2019.04.29"]
[SourceVersion "1"]
[SourceVersionDate "2019.04.29"]
[SourceQuality "1"]

1. e4 d6 2. d4 Nf6 3. Nc3 e5 4. Nf3 Nbd7 5. Bc4 Be7 6. O-O O-O 7. a4 c6 8. Re1
exd4 9. Qxd4 Ne5 10. Be2 Qc7 11. h3 Ng6 12. Be3 Re8 13. a5 Bd7 14. Qa4 h6 15.
Qb3 Bf8 16. Bc4 Be6 17. Bxe6 Rxe6 18. Ra4 Rae8 19. Rb4 R6e7 20. Nd2 d5 21. Bxa7
Qxa5 22. Bb6 Qa8 23. Bc5 Rd7 24. Bxf8 Nxf8 25. Na4 Qa5 26. Qc3 dxe4 27. Nb3 Qg5
28. Qc5 Re5 29. Qe3 Qg6 30. Nc3 Ne6 31. Ra4 b5 32. Ra6 b4 33. Ne2 Nd5 34. Qg3
Rg5 35. Qh2 e3 36. Rxc6 exf2+ 37. Kxf2 Qe4 38. Ned4 Qg6 39. Nc5 Ndf4 40. Ncxe6
Rxg2+ 41. Kf3 Nxe6 42. Nxe6 fxe6 43. Qb8+ Kh7 44. Qe5 Rdd2 45. Rc7 Rdf2+ 46.
Ke3 Rf5 0-1

[Event "Moscow Aeroflot op-A 18th"]
[Site "Moscow"]
[Date "2019.02.25"]
[Round "7"]
[White "Raja, Rithvik R"]
[Black "Lalith, Babu MR"]
[Result "1/2-1/2"]
[WhiteElo "2443"]
[BlackElo "2556"]
[PlyCount "99"]
[EventDate "2019.02.20"]
[EventType "swiss"]
[EventRounds "9"]
[EventCountry "RUS"]
[SourceTitle "CBM 189"]
[Source "ChessBase"]
[SourceDate "2019.04.29"]
[SourceVersion "1"]
[SourceVersionDate "2019.04.29"]
[SourceQuality "1"]

1. d4 Nf6 2. c4 g6 3. g3 Bg7 4. Bg2 O-O 5. Nf3 d6 6. Nc3 Nbd7 7. O-O e5 8. e4
exd4 9. Nxd4 Re8 10. h3 Nc5 11. Re1 Bd7 12. Kh2 h6 13. Rb1 a6 14. b4 Ne6 15.
Be3 Ng5 16. f3 c5 17. bxc5 dxc5 18. Nb3 Ng4+ 19. hxg4 Bxc3 20. Re2 b6 21. Rc2
Bg7 22. Rd2 Ra7 23. Nxc5 bxc5 24. Bxc5 Rc7 25. Bb6 Re7 26. f4 Ne6 27. e5 Qc8
28. Bxc7 Nxc7 29. Rdb2 Ne8 30. Rb8 Qxc4 31. R8b7 Qxa2 32. R1b2 Qa3 33. R2b3 Qa2
34. Rb2 Qa3 35. Rxd7 Rxd7 36. Qxd7 Qxb2 37. Qxe8+ Bf8 38. e6 Qf6 39. exf7+ Qxf7
40. Qc6 Kg7 41. Qxa6 Qf6 42. Qb7+ Qe7 43. Qc6 Qf6 44. Qc4 g5 45. f5 Qe5 46. Qd3
Bd6 47. Qb3 Kf6 48. Kh3 Bc7 49. Kh2 Bd6 50. Kh3 1/2-1/2

[Event "Moscow Aeroflot op-A 18th"]
[Site "Moscow"]
[Date "2019.02.25"]
[Round "7"]
[White "Sadhwani, Raunak"]
[Black "Van Foreest, Jorden"]
[Result "1/2-1/2"]
[WhiteElo "2448"]
[BlackElo "2618"]
[PlyCount "58"]
[EventDate "2019.02.20"]
[EventType "swiss"]
[EventRounds "9"]
[EventCountry "RUS"]
[SourceTitle "CBM 189"]
[Source "ChessBase"]
[SourceDate "2019.04.29"]
[SourceVersion "1"]
[SourceVersionDate "2019.04.29"]
[SourceQuality "1"]

1. e4 g6 2. d4 Bg7 3. Nf3 d6 4. Bc4 Nf6 5. Qe2 Nc6 6. h3 e5 7. dxe5 Nxe5 8.
Nxe5 dxe5 9. Nc3 c6 10. O-O Nh5 11. Be3 O-O 12. Qd2 Qxd2 13. Bxd2 b5 14. Bb3 a5
15. a3 Nf4 16. Rfd1 Ne6 17. Bxe6 Bxe6 18. Be3 Rfd8 19. a4 b4 20. Ne2 c5 21. Kf1
Bf6 22. Ng1 Be7 23. Nf3 f6 24. Rxd8+ Rxd8 25. Ke1 Kf7 26. Nd2 Rd7 27. b3 Ke8
28. Nc4 Bxc4 29. bxc4 Kf7 1/2-1/2

[Event "Moscow Aeroflot op-A 18th"]
[Site "Moscow"]
[Date "2019.02.25"]
[Round "7"]
[White "Safarli, Eltaj"]
[Black "Vokhidov, Shamsiddin"]
[Result "1-0"]
[WhiteElo "2681"]
[BlackElo "2494"]
[PlyCount "149"]
[EventDate "2019.02.20"]
[EventType "swiss"]
[EventRounds "9"]
[EventCountry "RUS"]
[SourceTitle "CBM 189"]
[Source "ChessBase"]
[SourceDate "2019.04.29"]
[SourceVersion "1"]
[SourceVersionDate "2019.04.29"]
[SourceQuality "1"]

1. e4 e5 2. Nc3 Nf6 3. g3 Bc5 4. Bg2 c6 5. d3 d5 6. exd5 cxd5 7. Nf3 Nc6 8. O-O
O-O 9. Bg5 Be7 10. Re1 h6 11. Bd2 Bd6 12. h3 Re8 13. a3 Be6 14. b4 Nd7 15. Nh2
Nf6 16. Nf3 d4 17. Na4 a6 18. c4 b5 19. Nb2 Qd7 20. Rc1 Rac8 21. g4 Nh7 22. a4
f6 23. c5 Bc7 24. Nh4 Ng5 25. Nf5 Bd5 26. Ra1 Ne7 27. Nxe7+ Rxe7 28. Bxg5 fxg5
29. axb5 axb5 30. Be4 Rf8 31. f3 Ref7 32. Rf1 h5 33. Kg2 Qe6 34. Ra3 Qd7 35.
Ra6 Be6 36. Rxe6 Qxe6 37. Qc2 Qa2 38. Rf2 Bd8 39. Nd1 Qa3 40. Qb1 Qa6 41. Bd5
Qf6 42. Qa2 Bc7 43. Bxf7+ Rxf7 44. Qa8+ Rf8 45. Qd5+ Kh8 46. Ra2 hxg4 47. hxg4
e4 48. Qxe4 Qh6 49. Ra8 Qh2+ 50. Kf1 Qh1+ 51. Ke2 Bb8 52. c6 Qh2+ 53. Nf2 Qd6
54. Ra1 Kg8 55. Rh1 g6 56. Rc1 Rf4 57. Qe8+ Rf8 58. Qd7 Qe5+ 59. Kd1 Rf7 60.
Rc5 Qe3 61. Qd8+ Kg7 62. Qxb8 Qxf3+ 63. Kc2 Qxf2+ 64. Kb3 Re7 65. Qxb5 Ra7 66.
Rc2 Qe1 67. Kc4 Ra3 68. Qd5 Rc3+ 69. Rxc3 Qxc3+ 70. Kb5 Qxd3+ 71. Kb6 Qe3 72.
c7 d3+ 73. Kb7 Qe7 74. Qd4+ Kh7 75. Kb8 1-0

[Event "Moscow Aeroflot op-A 18th"]
[Site "Moscow"]
[Date "2019.02.25"]
[Round "7"]
[White "Sarana, Alexey"]
[Black "Sunilduth Lyna, Narayanan"]
[Result "1-0"]
[WhiteElo "2630"]
[BlackElo "2593"]
[PlyCount "167"]
[EventDate "2019.02.20"]
[EventType "swiss"]
[EventRounds "9"]
[EventCountry "RUS"]
[SourceTitle "CBM 189"]
[Source "ChessBase"]
[SourceDate "2019.04.29"]
[SourceVersion "1"]
[SourceVersionDate "2019.04.29"]
[SourceQuality "1"]

1. d4 Nf6 2. c4 e6 3. Nf3 d5 4. Nc3 Be7 5. Qc2 O-O 6. Bg5 Na6 7. e3 h6 8. Bh4
c5 9. a3 cxd4 10. Nxd4 Nc5 11. Rd1 Bd7 12. cxd5 Nxd5 13. Bxe7 Qxe7 14. Nxd5
exd5 15. Bb5 Rac8 16. O-O Rfd8 17. Qe2 Ne4 18. Bd3 Rc7 19. Qh5 Nf6 20. Qh4 Rdc8
21. h3 Qe5 22. Bb1 Rc4 23. Ba2 R4c5 24. Rfe1 Qg5 25. Qxg5 hxg5 26. f3 g6 27.
Kf2 Kf8 28. Rd2 Ba4 29. Bb1 Rc1 30. Ne2 R1c5 31. Rd4 Bb5 32. Nc3 Bc4 33. Red1
b5 34. Bd3 a6 35. Rd2 R5c7 36. h4 gxh4 37. Rxh4 Kg7 38. Rd4 Re7 39. Bxc4 dxc4
40. Rd6 Ra7 41. g4 Rb8 42. g5 Nh7 43. f4 f6 44. Rd7+ Rxd7 45. Rxd7+ Kg8 46. Rd6
Kg7 47. Rd7+ Kh8 48. gxf6 Nxf6 49. Rd6 Kg7 50. Rxa6 b4 51. axb4 Rxb4 52. Ra2
Rb7 53. Kf3 Kf7 54. Ke2 Rb8 55. e4 Nd7 56. Ke3 Nc5 57. Kd4 Nd3 58. Ra7+ Kf8 59.
Nd5 Nxb2 60. e5 Re8 61. Ra6 Kf7 62. Rf6+ Kg7 63. Rc6 Kf7 64. Rc7+ Kf8 65. Nf6
Re7 66. Rc8+ Kf7 67. Nd5 Re8 68. Rc6 Re6 69. Rc7+ Kf8 70. Ke4 Ra6 71. Rc8+ Kg7
72. Rc7+ Kf8 73. f5 gxf5+ 74. Kxf5 Ra1 75. e6 Rf1+ 76. Kg4 Rg1+ 77. Kh3 Rh1+
78. Kg2 Re1 79. Rc8+ Kg7 80. e7 c3 81. Rxc3 Na4 82. Rg3+ Kf7 83. Rf3+ Kg7 84.
Ne3 1-0

[Event "Moscow Aeroflot op-A 18th"]
[Site "Moscow"]
[Date "2019.02.25"]
[Round "7"]
[White "Sindarov, Javokhir"]
[Black "Arjun, Kalyan"]
[Result "1/2-1/2"]
[WhiteElo "2505"]
[BlackElo "2444"]
[PlyCount "103"]
[EventDate "2019.02.20"]
[EventType "swiss"]
[EventRounds "9"]
[EventCountry "RUS"]
[SourceTitle "CBM 189"]
[Source "ChessBase"]
[SourceDate "2019.04.29"]
[SourceVersion "1"]
[SourceVersionDate "2019.04.29"]
[SourceQuality "1"]

1. e4 e5 2. Nf3 Nc6 3. d4 exd4 4. Nxd4 Nf6 5. Nxc6 bxc6 6. e5 Qe7 7. Qe2 Nd5 8.
h4 d6 9. c4 Nb6 10. exd6 cxd6 11. Be3 d5 12. Nd2 dxc4 13. g3 Nd5 14. Bg2 Bb7
15. Qxc4 Qe6 16. O-O-O Nxe3 17. fxe3 Qxc4+ 18. Nxc4 Rc8 19. Rhf1 Rc7 20. Rf2
Be7 21. Rfd2 O-O 22. Rd7 Rfc8 23. Bh3 Kf8 24. e4 c5 25. e5 Bc6 26. Rxe7 Kxe7
27. Bxc8 Rxc8 28. Rd6 f6 29. exf6+ gxf6 30. Rd3 Bb5 31. Re3+ Kd7 32. Nd2 Bc6
33. Kc2 Bd5 34. b3 Rg8 35. Nb1 Rg4 36. Nc3 Bc6 37. Nd1 f5 38. Nf2 Rg8 39. Kc3
Bd5 40. Kd2 Kd6 41. Rd3 Kc6 42. Rc3 Kd6 43. Re3 a5 44. Rd3 Kc6 45. Rc3 Kd6 46.
Nd1 f4 47. gxf4 Rg2+ 48. Kc1 Be4 49. Re3 Bg6 50. Nc3 Rc2+ 51. Kd1 Rh2 52. Re5
1/2-1/2

[Event "Moscow Aeroflot op-A 18th"]
[Site "Moscow"]
[Date "2019.02.25"]
[Round "7"]
[White "Suleymenov, Alisher"]
[Black "Lobanov, Sergei"]
[Result "1/2-1/2"]
[WhiteElo "2428"]
[BlackElo "2526"]
[PlyCount "28"]
[EventDate "2019.02.20"]
[EventType "swiss"]
[EventRounds "9"]
[EventCountry "RUS"]
[SourceTitle "CBM 189"]
[Source "ChessBase"]
[SourceDate "2019.04.29"]
[SourceVersion "1"]
[SourceVersionDate "2019.04.29"]
[SourceQuality "1"]

1. d4 Nf6 2. c4 e6 3. g3 d5 4. Bg2 Bb4+ 5. Bd2 Be7 6. Nf3 O-O 7. O-O c6 8. Qb3
b6 9. Nc3 Bb7 10. Rfd1 Nbd7 11. Bf4 Nh5 12. Bd2 Nhf6 13. Bf4 Nh5 14. Bd2 Nhf6
1/2-1/2

[Event "Moscow Aeroflot op-A 18th"]
[Site "Moscow"]
[Date "2019.02.25"]
[Round "7"]
[White "Sychev, Klementy"]
[Black "Sjugirov, Sanan"]
[Result "1/2-1/2"]
[WhiteElo "2545"]
[BlackElo "2663"]
[PlyCount "91"]
[EventDate "2019.02.20"]
[EventType "swiss"]
[EventRounds "9"]
[EventCountry "RUS"]
[SourceTitle "CBM 189"]
[Source "ChessBase"]
[SourceDate "2019.04.29"]
[SourceVersion "1"]
[SourceVersionDate "2019.04.29"]
[SourceQuality "1"]

1. Nf3 Nf6 2. c4 c5 3. Nc3 Nc6 4. d4 cxd4 5. Nxd4 e6 6. g3 Qb6 7. Ndb5 Ne5 8.
Bg2 a6 9. Na4 Qa5+ 10. Nbc3 Nxc4 11. O-O d5 12. b3 Ne5 13. Bf4 Nc6 14. e4 dxe4
15. Nxe4 Nxe4 16. Bxe4 Be7 17. Qc2 O-O 18. Bxh7+ Kh8 19. Be4 e5 20. Be3 Nd4 21.
Qd1 Kg8 22. Rc1 Be6 23. Qh5 f5 24. Bxd4 fxe4 25. Qxe5 Qxe5 26. Bxe5 Rad8 27.
Bf4 Bb4 28. Be3 Bh3 29. Rfd1 Bg4 30. Rxd8 Rxd8 31. Nc5 Ba3 32. Ra1 Bf5 33. Kg2
Rd5 34. Na4 b5 35. Nc3 Rd3 36. Ne2 Bg4 37. Ng1 a5 38. h3 Bd1 39. Kf1 Bc2 40.
Ne2 Bb2 41. Re1 Rd7 42. Nf4 Bd1 43. Ne2 Bc2 44. Nf4 Bd1 45. Ne2 Bc2 46. Nf4
1/2-1/2

[Event "Moscow Aeroflot op-A 18th"]
[Site "Moscow"]
[Date "2019.02.25"]
[Round "7"]
[White "Tsydypov, Zhamsaran"]
[Black "Prithu, Gupta"]
[Result "1/2-1/2"]
[WhiteElo "2547"]
[BlackElo "2470"]
[PlyCount "149"]
[EventDate "2019.02.20"]
[EventType "swiss"]
[EventRounds "9"]
[EventCountry "RUS"]
[SourceTitle "CBM 189"]
[Source "ChessBase"]
[SourceDate "2019.04.29"]
[SourceVersion "1"]
[SourceVersionDate "2019.04.29"]
[SourceQuality "1"]

1. e4 e5 2. Nf3 Nc6 3. d4 exd4 4. Nxd4 Bc5 5. Nb3 Bb6 6. Nc3 Nf6 7. Bg5 h6 8.
Bh4 d6 9. Qe2 g5 10. Bg3 Qe7 11. O-O-O a6 12. f3 Be6 13. Bf2 Nd7 14. Nd4 Nxd4
15. Bxd4 Rg8 16. Qd2 O-O-O 17. Be2 Kb8 18. Rhe1 f6 19. Bf1 Qf7 20. Bxb6 Nxb6
21. b3 f5 22. Qd4 Qg7 23. e5 d5 24. Qb4 Qf8 25. a3 f4 26. Ne2 Qxb4 27. axb4 c6
28. g3 Rgf8 29. gxf4 g4 30. fxg4 Bxg4 31. Rd4 Na8 32. h3 Bxe2 33. Bxe2 Nc7 34.
Bg4 h5 35. e6 hxg4 36. e7 gxh3 37. f5 Rde8 38. exf8=Q Rxf8 39. Rf4 Nb5 40. f6
Nd6 41. Rh1 Ne4 42. f7 Nd6 43. Rxh3 Rxf7 44. Rxf7 Nxf7 45. Rh7 Nd6 46. Kd2 d4
47. Kd3 Nb5 48. Rh2 Ka7 49. Kc4 Kb6 50. Rg2 Kc7 51. Rg7+ Kb6 52. Rg2 Kc7 53.
Kc5 b6+ 54. Kc4 Kc8 55. Kd3 Kb8 56. Ke4 Kc8 57. Ke5 Kb8 58. Ke6 Kc8 59. Rg8+
Kc7 60. Rg7+ Kc8 61. Rh7 Kb8 62. Kd7 Kb7 63. Rh6 Na7 64. Rg6 a5 65. bxa5 bxa5
66. Rg4 Nb5 67. Rg6 Na7 68. Rd6 c5 69. Rd5 Kb6 70. Rd6+ Kb5 71. Kc7 Kb4 72. Kb7
Nb5 73. Rb6 Kc3 74. Rxb5 Kxc2 75. Rxc5+ 1/2-1/2

[Event "Moscow Aeroflot op-A 18th"]
[Site "Moscow"]
[Date "2019.02.25"]
[Round "7"]
[White "Xu, Yinglun"]
[Black "Idani, Pouya"]
[Result "1/2-1/2"]
[WhiteElo "2512"]
[BlackElo "2604"]
[PlyCount "57"]
[EventDate "2019.02.20"]
[EventType "swiss"]
[EventRounds "9"]
[EventCountry "RUS"]
[SourceTitle "CBM 189"]
[Source "ChessBase"]
[SourceDate "2019.04.29"]
[SourceVersion "1"]
[SourceVersionDate "2019.04.29"]
[SourceQuality "1"]

1. d4 f5 2. c4 Nf6 3. Nf3 g6 4. g3 Bg7 5. Bg2 d6 6. O-O O-O 7. Nc3 c6 8. d5 e5
9. dxe6 Bxe6 10. b3 Na6 11. Bb2 Qe7 12. Ng5 Bd7 13. Qd2 Rad8 14. Rad1 Bc8 15.
Rfe1 h6 16. Nh3 Nc5 17. f4 Rfe8 18. Nf2 Nce4 19. Ncxe4 Nxe4 20. Qc1 Bxb2 21.
Qxb2 Qf6 22. Qxf6 Nxf6 23. e4 Kf7 24. Bf3 fxe4 25. Nxe4 Nxe4 26. Rxe4 Rxe4 27.
Bxe4 Bg4 28. Re1 Kf6 29. Ra1 1/2-1/2

[Event "Moscow Aeroflot op-A 18th"]
[Site "Moscow"]
[Date "2019.02.25"]
[Round "7"]
[White "Yakubboev, Nodirbek"]
[Black "Korobov, Anton"]
[Result "0-1"]
[WhiteElo "2569"]
[BlackElo "2687"]
[PlyCount "144"]
[EventDate "2019.02.20"]
[EventType "swiss"]
[EventRounds "9"]
[EventCountry "RUS"]
[SourceTitle "CBM 189"]
[Source "ChessBase"]
[SourceDate "2019.04.29"]
[SourceVersion "1"]
[SourceVersionDate "2019.04.29"]
[SourceQuality "1"]

1. d4 d5 2. c4 c6 3. Nf3 Nf6 4. e3 Bf5 5. Nc3 e6 6. Be2 Nbd7 7. Nh4 Be4 8. f3
Bg6 9. O-O Bd6 10. g3 O-O 11. a3 Bc7 12. Qb3 Rb8 13. Nxg6 hxg6 14. Qa2 Nb6 15.
Rd1 e5 16. cxd5 Nbxd5 17. dxe5 Bxe5 18. Qb3 Qe7 19. Nxd5 cxd5 20. Rd3 g5 21.
Bd2 Rfe8 22. Re1 Bc7 23. Bc3 Bb6 24. Bd1 Rbd8 25. Kg2 Qe6 26. a4 Ne4 27. Bd4
Nc5 28. Bxc5 Bxc5 29. e4 Bb6 30. Re2 dxe4 31. Rxe4 Qf6 32. Bc2 Rc8 33. Rd2 g6
34. Rxe8+ Rxe8 35. Qc3 Qe7 36. Bb3 Kh7 37. Qc4 Kg7 38. Ba2 f5 39. Qc3+ Kh6 40.
Rc2 g4 41. h4 f4 42. Bd5 Qd8 43. Qc4 gxf3+ 44. Bxf3 Rf8 45. Qd5 fxg3 46. Kxg3
Qb8+ 47. Kg2 Qf4 48. Qg5+ Qxg5+ 49. hxg5+ Kxg5 50. Bxb7 a5 51. b3 Rf4 52. Bf3
Rb4 53. Rc3 Rd4 54. Be2 Rd2 55. Kf3 Rd6 56. Bc4 Kh4 57. Rd3 Rf6+ 58. Ke4 g5 59.
Ke5 Rf8 60. Rd7 g4 61. Be6 Be3 62. Rg7 Rf4 63. Kd5 Kg3 64. Kc6 Bd2 65. Rg6 Kf3
66. Kc5 g3 67. Bd5+ Kf2 68. Bb7 Be3+ 69. Kd6 Rb4 70. Bc6 Rxb3 71. Rf6+ Ke1 72.
Kd5 g2 0-1

[Event "Moscow Aeroflot op-A 18th"]
[Site "Moscow"]
[Date "2019.02.25"]
[Round "7"]
[White "Zvjaginsev, Vadim"]
[Black "Xu, Yi"]
[Result "1/2-1/2"]
[WhiteElo "2642"]
[BlackElo "2520"]
[PlyCount "53"]
[EventDate "2019.02.20"]
[EventType "swiss"]
[EventRounds "9"]
[EventCountry "RUS"]
[SourceTitle "CBM 189"]
[Source "ChessBase"]
[SourceDate "2019.04.29"]
[SourceVersion "1"]
[SourceVersionDate "2019.04.29"]
[SourceQuality "1"]

1. Nf3 d5 2. g3 Nf6 3. Bg2 e6 4. O-O Be7 5. d3 O-O 6. a4 c5 7. e4 dxe4 8. dxe4
Qxd1 9. Rxd1 Nxe4 10. Ne5 Nf6 11. Nc3 Na6 12. Nb5 Nb4 13. c3 Nbd5 14. a5 a6 15.
Na3 Bd6 16. Nac4 Bc7 17. Bg5 Rb8 18. Nd3 Nd7 19. g4 h6 20. Bh4 b5 21. axb6
N7xb6 22. Nxb6 Rxb6 23. c4 g5 24. Bxg5 hxg5 25. cxd5 c4 26. Nc5 exd5 27. Rxd5
1/2-1/2